Vida de Santa Catalina de Génova

Guardat en:
Dades bibliogràfiques
Autor principal: Wiseman, Nicolás Esteban (Autor)
Format: Llibre
Idioma:espanyol
Publicat: Barcelona Librería Religiosa 1852
Matèries:
Etiquetes: Afegir etiqueta
Sense etiquetes, Sigues el primer a etiquetar aquest registre!

MARC

LEADER 00000nam a2200000 a 4500
001 UCI4572
003 CL-VaPUC
008 080125e18520000SP |||||||||||||||||spa|d
082 0 4 |a 922.22  |b WIS  |2 21 
100 0 |a Wiseman, Nicolás Esteban  |e author  |9 526537 
245 1 0 |a Vida de Santa Catalina de Génova 
300 |a 320 p 
942 |c BK 
945 |d 20080125 00:00:00  |a rbrito 
260 |a Barcelona  |b Librería Religiosa  |c 1852 
500 |a Donación Padres Capuchinos 
600 0 7 |a SANTA CATALINA DE GENOVA  |2 CL-VaPUC  |9 526538 
650 0 |a Biografías  |9 255210 
650 7 |a SANTOS  |2 CL-VaPUC  |9 313738 
650 0 |a Vida religiosa  |9 257284 
583 |a last modification  |c 20080125 00:00:00  |k Rodrigo Vera 
999 |c 328476  |d 328474 
952 |0 0  |1 0  |4 0  |6 922_220000000000000_WIS_1852  |7 0  |8 X  |9 412401  |a FDOBUD  |b FDOBUD  |d 2019-11-22  |i 4404858  |o 922.22 WIS 1852  |p 4404858  |r 2019-11-22  |w 2019-11-22  |y BK_X  |k BUD